Английская грамматика в тестах: учебное пособие

التفاصيل البيبلوغرافية
المؤلف الرئيسي: Валентей Т. В.
مؤلفون آخرون: Борисенко Т. И., Зимина С. В.
الملخص:Пособие включает тесты для тренировки и контроля качества знаний по грамматике английского языка на уровне Intermediate. Цель пособия — контроль, закрепление и развитие знаний базового уровня грамматики и умения употреблять правильные грамматические конструкции в устной и письменной речи. Может быть использовано при подготовке к экзаменам TOEFL, IELTS, FC, а также поступающими на специальности филологического и лингвистического профиля, студентами профильных факультетов (английский как специальность), преподавателями вузов, школьными учителями.
اللغة:الروسية
الإنجليزية
منشور في: Москва, КДУ, 2018
الموضوعات:
التنسيق: كتاب
KOHA link:https://koha.lib.tpu.ru/cgi-bin/koha/opac-detail.pl?biblionumber=344735

MARC

LEADER 00000nam0a2200000 4500
001 344735
005 20231102005709.0
010 |a 9785913048035 
035 |a (RuTPU)RU\TPU\book\376454 
090 |a 344735 
100 |a 20200327d2018 m y0rusy50 ca 
101 0 |a rus  |a eng 
102 |a RU 
105 |a y j 000zy 
200 1 |a Английская грамматика в тестах  |d English grammar in tests  |e учебное пособие  |f Т. В. Валентей, Т. И. Борисенко, С. В. Зимина 
210 |a Москва  |c КДУ  |d 2018 
215 |a 270 с. 
330 |a Пособие включает тесты для тренировки и контроля качества знаний по грамматике английского языка на уровне Intermediate. Цель пособия — контроль, закрепление и развитие знаний базового уровня грамматики и умения употреблять правильные грамматические конструкции в устной и письменной речи. Может быть использовано при подготовке к экзаменам TOEFL, IELTS, FC, а также поступающими на специальности филологического и лингвистического профиля, студентами профильных факультетов (английский как специальность), преподавателями вузов, школьными учителями. 
510 1 |a English grammar in tests  |z eng 
606 1 |a Английский язык  |x Учебные руководства и пособия для высшей школы  |x Пособия по грамматике  |2 stltpush  |3 (RuTPU)RU\TPU\subj\29073  |9 52485 
610 1 |a учебные пособия 
610 1 |a устная речь 
610 1 |a письменная речь 
610 1 |a упражнения 
610 1 |a грамматические трудности 
686 |a Ш143.21-923.2  |v LBC/SL-A  |2 rubbk 
700 1 |a Валентей  |b Т. В. 
701 1 |a Борисенко  |b Т. И. 
701 1 |a Зимина  |b С. В. 
801 1 |a RU  |b 63413507  |c 20200327 
801 2 |a RU  |b 63413507  |c 20200910  |g RCR 
942 |c BK 
959 |a 12/20200327  |d 1  |e 308,00  |f ЧЗИЛ:1